MARC

LEADER 00000nam0a2200000 4500
001 143162
005 20231031143136.0
035 |a (RuTPU)RU\TPU\book\155131 
090 |a 143162 
100 |a 20080917d1967 k y0rusy50 ca 
101 0 |a rus 
102 |a AZ 
105 |a a z 001zy 
200 1 |a Электроосаждение, свойства и применение двуокиси свинца  |f Э. А. Джафаров  |g Академия наук Азербайджанской ССР (АН АзССР), Институт неорганической и физической химии 
210 |a Баку  |c Изд-во АН АзССР  |d 1967 
215 |a 101 с.  |c ил. 
320 |a Библиогр.: с. 94-100. 
610 1 |a физическая химия 
610 1 |a двуокись свинца 
610 1 |a электроосаждение 
610 1 |a свойства 
610 1 |a применение 
610 1 |a электросинтез 
675 |a 621.359  |v 3 
700 1 |a Джафаров  |b Э. А. 
712 0 2 |a Академия наук Азербайджанской ССР (АН АзССР)  |b Институт неорганической и физической химии  |2 stltpush  |3 (RuTPU)RU\TPU\col\13496 
801 1 |a RU  |b 63413507  |c 20080917  |g PSBO 
801 2 |a RU  |b 63413507  |c 20131002  |g PSBO 
942 |c BK